South Eastern Kenya University

Library Online Public Access Catalogue


The theatre of Aurand Harris : (Record no. 13528)

MARC details
000 -LEADER
fixed length control field 00558cam a2200145 a 4500
020 ## - INTERNATIONAL STANDARD BOOK NUMBER
International Standard Book Number 087602035X
050 00 - LIBRARY OF CONGRESS CALL NUMBER
Classification number PS 3515.A7
Item number A6 1996
100 1# - MAIN ENTRY--PERSONAL NAME
Personal name Harris, Aurand.
245 14 - TITLE STATEMENT
Title The theatre of Aurand Harris :
Remainder of title America's most produced playwright for young audiences, his career, his theories, his plays : including fifteen complete plays by Aurand Harris /
Statement of responsibility, etc. by Lowell Swortzell.
260 ## - PUBLICATION, DISTRIBUTION, ETC. (IMPRINT)
Place of publication, distribution, etc. New Orleans, La. :
Name of publisher, distributor, etc. Anchorage Press,
Date of publication, distribution, etc. [c1996]
300 ## - PHYSICAL DESCRIPTION
Extent viii, 843 p. :
650 #0 - SUBJECT ADDED ENTRY--TOPICAL TERM
General subdivision History and criticism.
700 1# - ADDED ENTRY--PERSONAL NAME
Personal name Swortzell, Lowell.
942 ## - ADDED ENTRY ELEMENTS (KOHA)
Source of classification or shelving scheme Library of Congress Classification
Koha item type General circulation
Holdings
Withdrawn status Lost status Source of classification or shelving scheme Damaged status Not for loan Home library Current library Date acquired Source of acquisition Full call number Barcode Date last seen Price effective from Koha item type Public note
    Library of Congress Classification     SEHSS - Library SEHSS - Library 10/05/2016 donation-books for africa [EHS] PS 3515.A7 A6 1996 2016/017704 10/05/2016 10/05/2016 General circulation em
Kitui, Kenya.
+254736116989
library@seku.ac.ke